Dwarf cichlids /

Bibliographic Details
Main Author: Vierke, Jörg
Format: Book
Language:English
Published: Neptune, N.J. : T.F.H. Publications, [1979]
Subjects:

MARC

Tag First Indicator Second Indicator Subfields
LEADER 00000cam a2200000 i 4500
001 in00001003113
005 20150927184449.0
008 800730s1979 njua 00010 eng d
020 |a 0876665091 :  |c $3.45 
035 |a (OCoLC)06566396 
035 |9 AEZ6581AM 
040 |a ZTM  |c ZTM  |d TXA  |d UtOrBLW 
049 |a TXA1[WALK] 
090 |a QL638.C55  |b V5313 1979 
092 |a 639.34 
100 1 |a Vierke, Jörg. 
240 1 0 |a Zwergsbuntbarsche im Aquarium: ihre Pflege und Zucht.  |l English 
245 1 0 |a Dwarf cichlids /  |c Jörg Vierke ; translated by Christa Ahrens. 
264 1 |a Neptune, N.J. :  |b T.F.H. Publications,  |c [1979] 
264 4 |c ©1979 
300 |a 93 pages :  |b illustrations (some color) ;  |c 21 cm. 
336 |a text  |b txt  |2 rdacontent 
337 |a unmediated  |b n  |2 rdamedia 
338 |a volume  |b nc  |2 rdacarrier 
500 |a "Originally published in German by Franckh'sche Verlagshandlung, W. Keller & Co., Stuttgart/1977 under the title ZWergbuntbarsche im Aquarium: ihre Pflege und Zucht." 
650 0 |a Tropical fish. 
999 |a MARS 
999 f f |s 451d6e6e-8f30-3fb1-afb0-f7f848aa0db8  |i de573c4c-ac53-3691-a8f7-0bb5082199bc  |t 0 
952 f f |p noncirc  |a Texas A&M University  |b College Station  |c Cushing Memorial Library & Archives  |d Cushing: Walker (Does not check out)  |t 0  |e QL638.C55 V5313 1979  |h Library of Congress classification  |i unmediated -- volume 
998 f f |a QL638.C55 V5313 1979  |t 0  |l Cushing: Walker (Does not check out)